|
|
|
|
| LEADER |
00000nam a2200000 a 4500 |
| 001 |
vtls001121634 |
| 003 |
SK-MaSNL |
| 005 |
20260301055953.0 |
| 008 |
250414s1988 xo 0 slo |
| 015 |
|
|
|a SNBA1988/08
|
| 035 |
|
|
|a SNK000064477
|
| 040 |
|
|
|a SNK
|b slo
|c SNK
|e AACR2
|
| 041 |
0 |
|
|a slo
|
| 044 |
|
|
|a xo
|c SK
|
| 080 |
|
|
|a 681.5(082)
|2 1981
|
| 245 |
0 |
0 |
|a Programovanie minirobotov a ministrojov
|b Celoštátny seminár ; Jana Melicherčíková
|
| 250 |
|
|
|a 1. vyd.
|
| 260 |
|
|
|a Bratislava
|b Dom techniky ČSVTS
|c 1988
|e Bratislava
|f Dom techniky ČSVTS
|
| 300 |
|
|
|a 40 s., 4,396 AH
|b Tb. Sch.
|c 29 cm
|
| 366 |
|
|
|e 130 výtl.
|
| 500 |
|
|
|a Čl. aj čes. Pre účast. podujatia a pre služob. potrebu podnikov. Publ. je predajná iba soc. organ. Rozmn.
|
| 700 |
1 |
|
|a Melicherčíková, Jana
|4 oth
|9 276647
|
| 852 |
|
|
|a Slovenská národná knižnica
|
| 954 |
|
|
|a miniroboty
|a ministroje
|a programovanie
|
| 958 |
|
|
|a OND
|
| 958 |
|
|
|a RM
|
| 999 |
|
|
|c 614607
|d 616537
|
| 952 |
|
|
|a SNK
|b SNK
|y PREZ
|7 0
|p 17A1021777
|o snkSB 43509
|i snkKSP 5431/88
|0 0
|1 0
|4 0
|d 2012-07-12
|f 1
|l 0
|r 2025-05-09 00:00:00
|w 2026-02-23
|
| 952 |
|
|
|a SNK
|b SNK
|y VYP
|7 0
|p 17A0464022
|o snkSB 43509 D1
|i snk2005/5151
|8 1
|0 0
|1 0
|4 0
|d 2005-04-04
|l 0
|r 2026-02-23 16:34:50
|w 2026-02-23
|